<?xml version="1.0" encoding="UTF-8"?>
<collection xmlns="http://www.loc.gov/MARC21/slim">
    <record>
        <controlfield tag="001">68452</controlfield>
        <controlfield tag="005">20180223110013.0</controlfield>
        <datafield tag="037" ind1=" " ind2=" ">
            <subfield code="a">GDOC-2016-67614</subfield>
        </datafield>
        <datafield tag="041" ind1=" " ind2=" ">
            <subfield code="a">spa</subfield>
        </datafield>
        <datafield tag="100" ind1=" " ind2=" ">
            <subfield code="1"></subfield>
            <subfield code="a"></subfield>
        </datafield>
        <datafield tag="245" ind1="0" ind2="0">
            <subfield code="9">67614</subfield>
            <subfield code="a">Fiscalidad europea: armonización y competencia</subfield>
        </datafield>
        <datafield tag="242" ind1="0" ind2="0">
            <subfield code="9">67614</subfield>
            <subfield code="a">European taxation: harmonisation and competition</subfield>
        </datafield>
        <datafield tag="260" ind1=" " ind2=" ">
            <subfield code="a">Zaragoza</subfield>
            <subfield code="b">Universidad de Zaragoza</subfield>
            <subfield code="c">2016-2017</subfield>
        </datafield>
        <datafield tag="520" ind1=" " ind2=" ">
            <subfield code="a">Breve presentación de la asignatura
La asignatura de “Fiscalidad europea: armonización y competencia” es una optativa cuya finalidad es complementar la formación del alumno en el módulo de Economía del Máster. Se desarrolla en el segundo semestre del curso y equivale a 3 créditos ECTS. Su principal objetivo es que el alumno conozca los problemas derivados de la existencia de situaciones en las que un particular o empresa residente en un país obtiene una renta, es titular de un bien o realiza un gasto en un país diferente. En estos casos, resultan implicados los sistemas fiscales de los dos países: el de “residencia” del agente y el de la “fuente”. El curso ofrece los instrumentos para abordar, evaluar y resolver estos problemas de fiscalidad internacional, desde la doble perspectiva teórica y aplicada.</subfield>
            <subfield code="b"> </subfield>
        </datafield>
        <datafield tag="521" ind1=" " ind2=" ">
            <subfield code="9">644</subfield>
            <subfield code="a">Unión Europea</subfield>
        </datafield>
        <datafield tag="540" ind1=" " ind2=" ">
            <subfield code="a">by-nc-sa</subfield>
            <subfield code="b">Creative Commons</subfield>
            <subfield code="c">3.0</subfield>
            <subfield code="u">http://creativecommons.org/licenses/by-nc-sa/3.0/</subfield>
        </datafield>
        <datafield tag="830" ind1=" " ind2=" ">
            <subfield code="9">524</subfield>
        </datafield>
        <datafield tag="856" ind1="4" ind2=" ">
            <subfield code="s">15776</subfield>
            <subfield code="u">http://zaguan.unizar.es/record/68452/files/guia-67614-es.pdf</subfield>
            <subfield code="y">Guía (idioma español)</subfield>
        </datafield>
        <datafield tag="856" ind1="4" ind2=" ">
            <subfield code="s">7091</subfield>
            <subfield code="u">http://zaguan.unizar.es/record/68452/files/guia-67614-en.pdf</subfield>
            <subfield code="y">Guide (english)</subfield>
        </datafield>
        <datafield tag="970" ind1=" " ind2=" ">
            <subfield code="a">GDOC-2016-67614</subfield>
        </datafield>
        <datafield tag="980" ind1=" " ind2=" ">
            <subfield code="a">GDOC</subfield>
            <subfield code="b">Ciencias sociales y jurídicas</subfield>
            <subfield code="c">109</subfield>
        </datafield>
    </record>

    
</collection>